| 000 | 00000nas 2200000za 4500 |
| 001 | 9.863191 |
| 003 | CaOODSP |
| 005 | 20250611103838 |
| 007 | cr ||||||||||| |
| 008 | 181015c20189999oncar pso f0 b0fre| |
| 022 | |a2562-0622|l2562-0614 |
| 040 | |aCaOODSP|bfre |
| 043 | |an-cn--- |
| 086 | 1 |aA1-33F-PDF |
| 222 | 0|aInnovations en agriculture |b(En ligne) |
| 245 | 00|aInnovations en agriculture |h[ressource électronique]. |
| 260 | |a[Ottawa] : |bAgriculture et Agroalimentaire Canada. |c[2018]- |
| 310 | |aAnnuel |
| 362 | 1 |aParaît depuis: 2018. |
| 500 | |aPublié aussi en anglais sous le titre : Agricultural innovations. |
| 692 | 07|2gccst|aInnovation |
| 692 | 07|2gccst|aIndustrie agro-alimentaire |
| 710 | 1 |aCanada. |bAgriculture et agroalimentaire Canada. |
| 775 | 08|tAgricultural innovations |w(CaOODSP)9.863186 |
| 776 | 0#|tInnovations en agriculture / |w(CaOODSP)9.863192 |